Introduction to statistical decision theory

Αποθηκεύτηκε σε:
Λεπτομέρειες βιβλιογραφικής εγγραφής
Κύριος συγγραφέας: Pratt, John Winsor 1931-
Άλλοι συγγραφείς: Raiffa, Howard 1924-, Schlaifer, Robert
Μορφή: Βιβλίο
Γλώσσα:English
Δημοσίευση: Cambridge : The MIT Press, 1996
Θέματα:
Ετικέτες: Προσθήκη ετικέτας
Δεν υπάρχουν, Καταχωρήστε ετικέτα πρώτοι!

MARC

LEADER 00000nam a2200000 i 4500
001 1/90168
008 990917s1996 eng d
020 |a 0-262-16144-3 
035 |l 10052996 
040 |a GR-MY-UA  |b gre  |e aacr 
041 0 |a eng 
082 0 |a 519.542 
100 1 |a Pratt, John Winsor  |d 1931- 
245 1 0 |a Introduction to statistical decision theory /  |c John Pratt, Howard Raiffa, and Robert Schlaifer 
260 |a Cambridge :   |b The MIT Press,   |c 1996 
300 |a 875 p.  |b fig.; tabl. 
504 |a Includes bibliographical references and index 
650 0 0 |a Statistical decision. 
700 1 |a Raiffa, Howard  |d 1924- 
700 1 |a Schlaifer, Robert. 
852 |a INST  |b LESVOS  |e 19990917  |h 519.542 PRA  |p 005100019512  |q 005100019512  |t BK  |y 0 
901 |a BIBL1-1999-3 
909 |a Λ  |b 068336 
922 |a 1ΕΛΗ  |b 199909  |c ΚΠΣ/ΠΜΣ  |d ΠΑΠΑΣΩΤΗΡΙΟΥ 
950 |a 157-1999-07-07 
970 |z 1999/09/18  |a ΜΟΥΣΤΑΚΑ  |b ΠΗΝΕΛΟΠΗ